| 000 | 01245nam a2200277Ia 4500 | ||
|---|---|---|---|
| 999 |
_c34679 _d34679 |
||
| 001 | 463 | ||
| 003 | GE_BSU | ||
| 005 | 20211109134504.0 | ||
| 008 | 181216sge 2009 |||||||||||||| ||geo|| | ||
| 020 | _a9789941126291 | ||
| 040 | _cGE_BSU | ||
| 041 | _ageo | ||
| 080 | _a338.48(075.8) დ-72 | ||
| 100 |
_aდოლიკაშვილი, ლარისა. _95335 |
||
| 245 |
_aტურიზმის ეკონომიკა : _bსახელმძღვანელო უმაღლესი სასწ. სტუდ. / _cლარისა დოლიკაშვილი, ნინო ჩეკურიშვილი, მალხაზ ღვინჯილია, რედ. რ.შენგელია |
||
| 245 | _b | ||
| 264 |
_aთბილისი : _bუნივერსალი, _c2009 |
||
| 300 |
_a301 გვ.: _c19 სმ. |
||
| 541 | _h12ლ. | ||
| 653 | _aტურიზმის ეკონომიკა | ||
| 653 | _aეკონომიკა | ||
| 700 |
_aჩეკურიშვილი, ნინო _912863 |
||
| 700 |
_aღვინჯილია, მალხაზ _912570 |
||
| 700 |
_aშენგელია,რ _eრედაქტორი _91915 |
||
| 942 |
_cBK _2udc |
||